[Event "II Open Oro Caffe'"]
[Site "Udine ITA"]
[Date "2009.07.12"]
[Round "7"]
[White "Cisilino, Oscar"]
[Black "Miseri, Paolo"]
[Result "1-0"]
[WhiteElo "1670"]
[BlackElo "1488"]
[PlyCount "33"]
[EventDate "2009.07.06"]

1. c4 e6 2. Nc3 Nf6 3. g3 d5 4. cxd5 exd5 5. Nf3 c6 6. a3 Bf5 7. Nh4 Qc8 8.
Nxf5 Qxf5 9. Bg2 Na6 10. O-O Nc5 11. d3 d4 12. Na4 Qd7 13. Bg5 Nd5 14. Nxc5
Bxc5 15. Qb3 Nc7 16. Qxb7 O-O 17. Qxc6 1-0

[Event "II Open Oro Caffe'"]
[Site "Udine ITA"]
[Date "2009.07.12"]
[Round "7"]
[White "Fantini, Marco"]
[Black "Pagnutti, Lorenzo"]
[Result "1/2-1/2"]
[WhiteElo "2012"]
[BlackElo "2104"]
[PlyCount "120"]
[EventDate "2009.07.06"]

1. d4 Nf6 2. Nc3 d5 3. Bg5 Nbd7 4. f3 h6 5. Bh4 e6 6. e4 Be7 7. Qd2 Nxe4 8.
Bxe7 Nxd2 9. Bxd8 Nxf1 10. Bxc7 Ne3 11. Kd2 Nc4+ 12. Kc1 b6 13. Nge2 Ba6 14. b3
Na5 15. Bd6 Rc8 16. Kd2 Rc6 17. Bb4 Nb7 18. a4 Bxe2 19. Nxe2 Nb8 20. a5 b5 21.
Nf4 Kd7 22. Nd3 f6 23. Nc5+ Nxc5 24. Bxc5 Rhc8 25. Rhc1 a6 26. Re1 e5 27. b4
Re6 28. Re2 Nc6 29. Rae1 Rce8 30. c3 g5 31. g4 Nd8 32. dxe5 fxe5 33. h4 Nf7 34.
h5 Nd8 35. Kc2 Nb7 36. Rd2 Kc6 37. Bf2 e4 38. Rde2 Nd6 39. Bg3 Nc4 40. f4 gxf4
41. Bxf4 Rg8 42. Rg2 Rf6 43. Bc1 Ne5 44. Reg1 Nf3 45. Rd1 Re6 46. Be3 Rf6 47.
Rh1 Ng5 48. Kd1 Kd6 49. Ke2 Ke6 50. Rg3 Rf3 51. Rhg1 Rf7 52. Rh1 Rfg7 53. Rf1
Nf3 54. Bd4 Ne5 55. Bxe5 Kxe5 56. Rf5+ Ke6 57. Rf4 Rg5 58. Ke3 Rxh5 59. Rf5 Rh4
60. Rf4 Rg6 1/2-1/2

[Event "II Open Oro Caffe'"]
[Site "Udine ITA"]
[Date "2009.07.12"]
[Round "7"]
[White "Fermo, Ruggero"]
[Black "Bisaro, Andrea"]
[Result "0-1"]
[WhiteElo "1765"]
[BlackElo "1702"]
[PlyCount "98"]
[EventDate "2009.07.06"]

1. e4 Nc6 2. d4 e5 3. d5 Nce7 4. d6 Nc6 5. dxc7 Qxc7 6. Nc3 Nf6 7. a3 h6 8. Qd3
a6 9. Nge2 Bc5 10. Nd5 Nxd5 11. exd5 Ne7 12. c4 d6 13. b4 Ba7 14. Ng3 b5 15.
Qb3 bxc4 16. Bxc4 Bd4 17. Rb1 O-O 18. Bd2 Nf5 19. Rc1 Qe7 20. O-O Qh4 21. Nxf5
Bxf5 22. Qg3 Qxg3 23. hxg3 Bb2 24. Rce1 Rfc8 25. Be2 Rc2 26. Rd1 Bxa3 27. g4
Bg6 28. f4 exf4 29. Rxf4 Bh7 30. Kf2 Bb2 31. Rc4 Rxc4 32. Bxc4 Bc2 33. Re1 Kf8
34. Bc1 Be5 35. Re2 Bd1 36. Re4 Ba4 37. Be3 Bb5 38. Be2 Rc8 39. Kf3 Rc2 40. Bf2
Bxe2+ 41. Rxe2 Rxe2 42. Kxe2 Ke7 43. Kf3 Kf6 44. g3 Kg6 45. Be1 f5 46. Bd2
fxg4+ 47. Kxg4 h5+ 48. Kf3 Kf5 49. Be1 g5 0-1

[Event "II Open Oro Caffe'"]
[Site "Udine ITA"]
[Date "2009.07.12"]
[Round "7"]
[White "Gabassi, Cristina"]
[Black "Menon, Michele"]
[Result "0-1"]
[WhiteElo "1635"]
[BlackElo "1741"]
[PlyCount "60"]
[EventDate "2009.07.06"]

1. e4 e6 2. d4 d5 3. e5 c5 4. c3 Qb6 5. Nf3 Nc6 6. a3 cxd4 7. cxd4 Nge7 8. b4
Nf5 9. Bb2 Bd7 10. Be2 Be7 11. O-O Rc8 12. Qd3 O-O 13. Nbd2 f6 14. Rac1 fxe5
15. dxe5 a6 16. Nb3 Qd8 17. Nfd2 Nxb4 18. axb4 Bb5 19. Qh3 Bxe2 20. Rfe1 Rxc1
21. Bxc1 Bb5 22. f4 Bxb4 23. g4 Qb6+ 24. Kh1 Qf2 25. Rg1 Ne3 26. g5 Nf5 27. Rg2
Qh4 28. Qf3 Bc6 29. Rg4 Qh5 30. Kg1 d4 0-1

[Event "II Open Oro Caffe'"]
[Site "Udine ITA"]
[Date "2009.07.12"]
[Round "7"]
[White "Gaspardo, Francesco"]
[Black "Clarini, Ivo"]
[Result "1/2-1/2"]
[WhiteElo "1978"]
[BlackElo "1829"]
[PlyCount "118"]
[EventDate "2009.07.06"]

1. e4 e6 2. d4 d5 3. Nc3 dxe4 4. Nxe4 Nf6 5. Bg5 Be7 6. Bxf6 Bxf6 7. Nf3 O-O 8.
Qd2 Bd7 9. O-O-O Bc6 10. Nxf6+ Qxf6 11. Ne5 Rd8 12. h4 Be8 13. Qe3 Nc6 14. Nf3
Nb4 15. a3 Nd5 16. Qe4 Qf4+ 17. Qxf4 Nxf4 18. Ne5 f6 19. Nc4 Bc6 20. Rg1 a5 21.
g3 Nd5 22. Bh3 Bd7 23. Rge1 Kf7 24. Nd2 b6 25. Re2 c6 26. Rde1 Nc7 27. Nc4 Rab8
28. f4 a4 29. Nd6+ Ke7 30. Ne4 Kf7 31. c3 Ne8 32. Kc2 Bc8 33. Nd2 Nc7 34. f5
Rd6 35. Nc4 Rd5 36. fxe6+ Ke7 37. Ne3 Ba6 38. Nxd5+ cxd5 39. Rf2 Rf8 40. g4 g6
41. h5 g5 42. Bg2 h6 43. b3 axb3+ 44. Kxb3 Bc4+ 45. Kb2 b5 46. Bf1 Rb8 47. Kc2
Rb6 48. Bxc4 bxc4 49. Rf5 Nb5 50. Re2 Nxa3+ 51. Kd2 Rb2+ 52. Ke3 Rxe2+ 53. Kxe2
Kxe6 54. Kd2 Nb5 55. Rf1 Nd6 56. Ra1 f5 57. gxf5+ Kxf5 58. Ra6 Ne4+ 59. Kc2 Nf6
1/2-1/2

[Event "II Open Oro Caffe'"]
[Site "Udine ITA"]
[Date "2009.07.12"]
[Round "7"]
[White "Maestri, Roberto"]
[Black "Lippi, Agostino"]
[Result "1/2-1/2"]
[WhiteElo "1651"]
[BlackElo "1550"]
[PlyCount "43"]
[EventDate "2009.07.06"]

1. e4 d6 2. d4 Nf6 3. Nc3 e5 4. dxe5 dxe5 5. Qxd8+ Kxd8 6. Bg5 Nbd7 7. O-O-O c6
8. Nf3 Kc7 9. Bc4 Bc5 10. Bxf6 gxf6 11. Rd2 Rf8 12. Nh4 Nb6 13. Bb3 Be6 14. Nf5
Bxb3 15. axb3 Rfd8 16. Rhd1 Bf8 17. Ne2 Rxd2 18. Rxd2 Rd8 19. Neg3 Rxd2 20.
Kxd2 Kd7 21. Nh5 Ke6 22. c3 1/2-1/2

[Event "II Open Oro Caffe'"]
[Site "Udine ITA"]
[Date "2009.07.12"]
[Round "7"]
[White "Muradore, Aldo"]
[Black "Gabassi, Francesco"]
[Result "0-1"]
[WhiteElo "1487"]
[BlackElo "1888"]
[PlyCount "64"]
[EventDate "2009.07.06"]

1. d4 c5 2. d5 Nf6 3. c4 Ne4 4. Qc2 Qa5+ 5. Bd2 Nxd2 6. Nxd2 g6 7. Ngf3 d6 8.
b3 Bg7 9. Rc1 Na6 10. e4 Nb4 11. Qb1 Nxa2 12. b4 cxb4 13. Rc2 Nc3 14. Qb2 O-O
15. Nb3 Qa4 16. Nfd4 Nxe4 17. Bd3 Nc5 18. O-O Nxd3 19. Qb1 Nc5 20. Ra2 Qd7 21.
Nxc5 dxc5 22. Nb3 b6 23. Re2 Qd6 24. Rd1 Bf5 25. Qc1 a5 26. Qe3 a4 27. Nd2 Bg4
28. Nf3 Bxf3 29. Qxf3 a3 30. Ra2 Qe5 31. h4 Qc3 32. Qe4 b3 0-1

[Event "II Open Oro Caffe'"]
[Site "Udine ITA"]
[Date "2009.07.12"]
[Round "7"]
[White "Muzzolini, Claudio"]
[Black "Viola, Enrico"]
[Result "0-1"]
[WhiteElo "1810"]
[BlackElo "1614"]
[PlyCount "68"]
[EventDate "2009.07.06"]

1. Nf3 Nf6 2. d4 d5 3. c4 g6 4. cxd5 Nxd5 5. e4 Nb6 6. Bb5+ c6 7. Be2 Bg7 8.
Nc3 O-O 9. O-O N8d7 10. Bf4 Nf6 11. Qd2 Be6 12. b3 a5 13. Rfd1 a4 14. Ng5 Bd7
15. Be5 h6 16. Nf3 Be6 17. Qc2 axb3 18. axb3 Nbd7 19. Na4 Qa5 20. Bf4 b5 21.
Bd2 Qa7 22. Nc3 Qxa1 23. Rxa1 Rxa1+ 24. Bf1 Rfa8 25. h3 R8a3 26. d5 cxd5 27.
Nxb5 R3a2 28. Qc8+ Nf8 29. Qd8 dxe4 30. Nfd4 Rxd2 31. Qxe7 Rdd1 32. Nxe6 Rxf1+
33. Kh2 Rh1+ 34. Kg3 Nh5+ 0-1

[Event "II Open Oro Caffe'"]
[Site "Udine ITA"]
[Date "2009.07.12"]
[Round "7"]
[White "Naumkin, Igor"]
[Black "Milazzo, Mario"]
[Result "1-0"]
[WhiteElo "2481"]
[BlackElo "2068"]
[PlyCount "47"]
[EventDate "2009.07.06"]

1. d4 f5 2. g3 Nf6 3. Bg2 g6 4. Nf3 Bg7 5. O-O O-O 6. c4 d6 7. Nc3 Qe8 8. d5 a5
9. Be3 Na6 10. Bd4 Bd7 11. Qc2 c6 12. Rad1 Rb8 13. Rfe1 cxd5 14. Bxf6 Bxf6 15.
Nxd5 Qf7 16. e4 fxe4 17. Qxe4 Bc6 18. Qe3 Bxd5 19. Rxd5 Nc5 20. h4 Kg7 21. Nd4
Bxd4 22. Qxd4+ e5 23. Qd2 Rbe8 24. Rexe5 1-0

[Event "II Open Oro Caffe'"]
[Site "Udine ITA"]
[Date "2009.07.12"]
[Round "7"]
[White "Okhotnik, Vladimir"]
[Black "Damia, Angelo"]
[Result "1/2-1/2"]
[WhiteElo "2449"]
[BlackElo "2291"]
[PlyCount "27"]
[EventDate "2009.07.06"]

1. e4 d6 2. d4 Nf6 3. Nc3 e5 4. dxe5 dxe5 5. Qxd8+ Kxd8 6. Bc4 Be6 7. Bxe6 fxe6
8. f3 Nc6 9. Nh3 Bc5 10. Nf2 Ke7 11. Na4 Bxf2+ 12. Kxf2 b5 13. Nc3 a6 14. b3
1/2-1/2

[Event "II Open Oro Caffe'"]
[Site "Udine ITA"]
[Date "2009.07.12"]
[Round "7"]
[White "Orsatti, Marcello"]
[Black "Laco, Giuseppe"]
[Result "1/2-1/2"]
[WhiteElo "1973"]
[BlackElo "2135"]
[PlyCount "79"]
[EventDate "2009.07.06"]

1. c4 e5 2. Nc3 f5 3. g3 Nf6 4. Bg2 c6 5. d3 Be7 6. Nf3 Qc7 7. Nd2 Na6 8. a3
O-O 9. b4 d6 10. O-O Be6 11. e3 d5 12. cxd5 Nxd5 13. Nxd5 cxd5 14. Bb2 Bf6 15.
Rc1 Qd7 16. Nf3 d4 17. exd4 exd4 18. Nd2 Rac8 19. Qe2 b6 20. Rfe1 Bf7 21. Qf3
Rcd8 22. Qb7 Qxb7 23. Bxb7 Nb8 24. Rc7 g5 25. Nf3 g4 26. Nh4 Bxh4 27. gxh4 Rd6
28. Ree7 a6 29. Kg2 h5 30. Bc1 Re6 31. Rxf7 Rxf7 32. Rc8+ Kg7 33. Bd5 Re1 34.
Bb2 Rd7 35. Bxd4+ Kg6 36. Rg8+ Kh7 37. Rh8+ Kg6 38. Rg8+ Kh7 39. Rh8+ Kg6 40.
Rg8+ 1/2-1/2

[Event "II Open Oro Caffe'"]
[Site "Udine ITA"]
[Date "2009.07.12"]
[Round "7"]
[White "Pecchiari, Alberto"]
[Black "Zavagno, Matteo"]
[Result "0-1"]
[WhiteElo "1425"]
[BlackElo "1443"]
[PlyCount "72"]
[EventDate "2009.07.06"]

1. e4 e5 2. Nf3 Nc6 3. Bb5 a6 4. Ba4 Nf6 5. O-O d6 6. d3 Be7 7. c3 Bg4 8. Nbd2
O-O 9. Re1 h6 10. h3 Bh5 11. Nf1 b5 12. Bb3 Na5 13. Bc2 Nd7 14. Ng3 Bg6 15. Nf5
Nb6 16. d4 Bf6 17. d5 Nac4 18. b3 Na5 19. Nh2 Bxf5 20. exf5 Bg5 21. Be4 Nb7 22.
Nf3 Bxc1 23. Rxc1 Nc5 24. Bc2 Rc8 25. b4 Ncd7 26. Bb3 Nf6 27. Nh2 c6 28. dxc6
Rxc6 29. Qd2 Qd7 30. g4 Rd8 31. Nf3 Nc4 32. Bxc4 Rxc4 33. Red1 Rf4 34. Kg2 Qc6
35. Qe2 Re4 36. Nxe5 Rxe5+ 0-1

[Event "II Open Oro Caffe'"]
[Site "Udine ITA"]
[Date "2009.07.12"]
[Round "7"]
[White "Piasentin, Oscar"]
[Black "Picco, Ruggero"]
[Result "0-1"]
[WhiteElo "1455"]
[BlackElo "2082"]
[PlyCount "37"]
[EventDate "2009.07.06"]

1. e4 e5 2. Nf3 Nc6 3. Bb5 f5 4. exf5 e4 5. Qe2 Qe7 6. Bxc6 dxc6 7. Nd4 Nf6 8.
Ne6 Bxe6 9. fxe6 Qxe6 10. Nc3 O-O-O 11. d3 Re8 12. Nxe4 Nxe4 13. dxe4 Qxe4 14.
Qxe4 Rxe4+ 15. Kd1 Bc5 16. Bg5 Bxf2 17. Rf1 Bh4 18. Rf5 Re1+ 19. Kd2 0-1

[Event "II Open Oro Caffe'"]
[Site "Udine ITA"]
[Date "2009.07.12"]
[Round "7"]
[White "Tassinari, Luca"]
[Black "Redo, Stefano"]
[Result "1/2-1/2"]
[WhiteElo "1838"]
[BlackElo "1943"]
[PlyCount "118"]
[EventDate "2009.07.06"]

1. e4 c5 2. Nf3 e6 3. d4 cxd4 4. Nxd4 a6 5. a4 Nc6 6. Be3 Nxd4 7. Qxd4 d6 8.
Nc3 Ne7 9. Be2 Nc6 10. Qd2 Bd7 11. O-O Be7 12. f4 Qc7 13. Kh1 O-O 14. g4 Na5
15. Qd3 Rfc8 16. Rad1 b6 17. Rf3 Nb7 18. Bc1 Nc5 19. Qd4 Bc6 20. g5 e5 21. Qc4
Qb7 22. fxe5 Nxe4 23. Qxf7+ Kh8 24. Nd5 dxe5 25. Qxe7 Qxe7 26. Nxe7 Nf2+ 27.
Kg1 Nxd1 28. Nxc6 Rxc6 29. Bxd1 b5 30. Rd3 Rac8 31. c3 b4 32. Bd2 e4 33. Rd4 e3
34. Bxe3 bxc3 35. bxc3 Rxc3 36. Kf2 Rf8+ 37. Rf4 Rxf4+ 38. Bxf4 Rd3 39. Ke2 Rc3
40. a5 Ra3 41. Bc7 Kg8 42. Kf2 Rc3 43. Bb6 Rc8 44. Bf3 Kf7 45. Bb7 Rc2+ 46. Kg3
Rc3+ 47. Kf4 Rh3 48. Bxa6 Rxh2 49. Bc4+ Ke7 50. a6 Rh4+ 51. Ke5 Rxc4 52. Kd5
Rc8 53. a7 Kd7 54. Bd4 Ra8 55. Ke5 Ke7 56. Kd5 Kf7 57. Kc6 Kg6 58. Kb7 Rxa7+
59. Kxa7 h6 1/2-1/2

[Event "II Open Oro Caffe'"]
[Site "Udine ITA"]
[Date "2009.07.12"]
[Round "7"]
[White "Tiengo, Davide"]
[Black "Zuttioni, Federico"]
[Result "1-0"]
[WhiteElo "2118"]
[BlackElo "1884"]
[PlyCount "94"]
[EventDate "2009.07.06"]

1. d4 Nf6 2. Nf3 g6 3. c4 Bg7 4. Nc3 O-O 5. e4 d6 6. Be2 Nbd7 7. O-O e5 8. d5
Nc5 9. Qc2 a5 10. Nd2 Ne8 11. Nb3 f5 12. Nxc5 dxc5 13. Be3 b6 14. f3 f4 15. Bf2
Bd7 16. a3 a4 17. Rfd1 Nd6 18. Rd2 Qe7 19. Rc1 h5 20. Qd1 Bh6 21. Na2 Kh8 22.
Kh1 Rg8 23. Nc3 Rg7 24. b4 axb3 25. Qxb3 g5 26. Nb5 Bxb5 27. cxb5 g4 28. Bg1
Rag8 29. a4 Qh4 30. Qc2 c4 31. Rdd1 c3 32. Qd3 Nf7 33. Rxc3 g3 34. Bf1 Ng5 35.
Rc6 Kh7 36. Qe2 Nh3 37. gxh3 Qg5 38. Rd2 gxh2 39. Bxh2 Qd8 40. Rdc2 Bg5 41. Qc4
Kh8 42. Rxc7 Be7 43. Qc6 Bd6 44. Rxg7 Kxg7 45. Rg2+ Kf7 46. Rxg8 Kxg8 47. h4
Bb4 1-0

[Event "II Open Oro Caffe'"]
[Site "Udine ITA"]
[Date "2009.07.12"]
[Round "7"]
[White "Trento, Giacomo"]
[Black "Pillon, Giovanni Pietro"]
[Result "0-1"]
[WhiteElo "1588"]
[BlackElo "1500"]
[PlyCount "114"]
[EventDate "2009.07.06"]

1. e4 e5 2. f4 Bc5 3. Nf3 d6 4. Nc3 Nc6 5. Bc4 Nf6 6. d3 O-O 7. Na4 Bb6 8. Nxb6
axb6 9. fxe5 dxe5 10. O-O Bg4 11. Qe1 Na5 12. Nd2 Bh5 13. Qh4 Bg6 14. a4 Qd4+
15. Kh1 Nxc4 16. Nxc4 Nxe4 17. Be3 Qd5 18. Qe7 Nd6 19. Qxe5 Qxe5 20. Nxe5 Rfe8
21. Bf4 Ra5 22. Nxg6 hxg6 23. Bd2 Rae5 24. c4 Re2 25. Rad1 Nf5 26. Rfe1 R8e5
27. Bc3 R5e3 28. Rxe2 Rxe2 29. Re1 Rxe1+ 30. Bxe1 Kf8 31. g4 Nd4 32. Bg3 c6 33.
Bc7 b5 34. axb5 cxb5 35. c5 Ke8 36. Be5 Ne6 37. d4 Kd7 38. g5 Nxg5 39. d5 f6
40. Bd4 Nf3 41. Bc3 Nh4 42. b4 Nf5 43. Bd2 Ne7 44. d6 Nd5 45. Kg2 b6 46. Kf3
bxc5 47. bxc5 f5 48. h4 Kc6 49. Ke2 Nf6 50. Be3 Nd7 51. Kd3 Ne5+ 52. Kc3 Nf3
53. Bf2 g5 54. hxg5 Nxg5 55. Kd4 Ne4 56. Ke5 Nxf2 57. Ke6 Ne4 0-1

[Event "II Open Oro Caffe'"]
[Site "Udine ITA"]
[Date "2009.07.12"]
[Round "7"]
[White "Visintin, Roberto"]
[Black "Brunello, Roberta"]
[Result "1/2-1/2"]
[WhiteElo "2033"]
[BlackElo "1956"]
[PlyCount "103"]
[EventDate "2009.07.06"]

1. d4 d5 2. Nf3 Nf6 3. Bf4 e6 4. e3 Nbd7 5. Nbd2 Be7 6. Bd3 Nf8 7. e4 Ng6 8.
Bg5 Nxe4 9. Bxe7 Qxe7 10. Nxe4 dxe4 11. Bxe4 O-O 12. O-O Qb4 13. Qd2 Qb6 14. a4
Bd7 15. a5 Qa6 16. Qb4 Bc6 17. Bd3 b5 18. axb6 Qxb6 19. Qxb6 axb6 20. Ne5 Nxe5
21. dxe5 Rfd8 22. Rxa8 Rxa8 23. Rd1 Kf8 24. Bc4 Ke7 25. f4 Ra4 26. b3 Ra2 27.
Bd3 Bd5 28. g3 h6 29. Kf1 c5 30. Ke1 f6 31. exf6+ gxf6 32. Rd2 Ra1+ 33. Kf2 e5
34. Bb5 Be6 35. fxe5 fxe5 36. Bc6 Ra2 37. Ke3 Bf5 38. Be4 Ke6 39. Bxf5+ Kxf5
40. Rf2+ Ke6 41. g4 Ra1 42. Rf8 Re1+ 43. Kd3 e4+ 44. Kd2 Rh1 45. Ke3 Rxh2 46.
Kxe4 Rxc2 47. Rb8 c4 48. Rxb6+ Kf7 49. b4 Rg2 50. Rxh6 Rxg4+ 51. Kd5 c3 52. Rc6
1/2-1/2

[Event "II Torneo Jose' Raul Capablanca"]
[Site "Roma ITA"]
[Date "2009.07.10"]
[Round "1"]
[White "Angelastro, Ariel Francisc"]
[Black "Seyfried, Claus"]
[Result "0-1"]
[WhiteElo "1440"]
[BlackElo "1965"]
[PlyCount "56"]
[EventDate "2009.07.10"]

1. d4 c5 2. d5 Nf6 3. Nc3 e6 4. e4 exd5 5. exd5 d6 6. Bg5 Be7 7. Nf3 O-O 8. Qd2
Re8 9. O-O-O a6 10. Be2 b5 11. a3 b4 12. Bxf6 Bxf6 13. axb4 cxb4 14. Na2 a5 15.
Rhe1 Bd7 16. Nd4 Re4 17. Nf3 a4 18. c3 a3 19. Nxb4 Rxb4 20. cxb4 axb2+ 21. Kc2
Ba4+ 22. Kd3 Bxd1 23. Rxd1 Ra3+ 24. Ke4 Qe7+ 25. Kf4 Be5+ 26. Kg4 g6 27. Nxe5
h5+ 28. Kf4 Qxe5# 0-1

[Event "II Torneo Jose' Raul Capablanca"]
[Site "Roma ITA"]
[Date "2009.07.10"]
[Round "1"]
[White "Bellachioma, Gianluca"]
[Black "Lisi, Davide"]
[Result "0-1"]
[WhiteElo "1527"]
[BlackElo "2023"]
[PlyCount "74"]
[EventDate "2009.07.10"]

1. b4 e5 2. Bb2 d6 3. e3 Nf6 4. Ne2 Nbd7 5. Ng3 g6 6. Bd3 Bg7 7. O-O O-O 8. Nc3
c6 9. f4 exf4 10. Rxf4 Nd5 11. Rf2 Nxb4 12. Bc4 Ne5 13. Be2 Be6 14. Na4 f5 15.
Nc3 Nd5 16. Nxd5 Bxd5 17. a3 Qd7 18. Rb1 Rae8 19. Rf4 b5 20. a4 a6 21. axb5
axb5 22. Nh1 Qe7 23. Nf2 Bh6 24. Rd4 Bc4 25. Bxc4+ Nxc4 26. Ba1 d5 27. Rd3 f4
28. Ng4 Bg7 29. Bxg7 Kxg7 30. Rbb3 h5 31. Qa1+ Kh7 32. Nf2 fxe3 33. dxe3 Qf6
34. Qxf6 Rxf6 35. Nh3 Kh6 36. Nf4 Nxe3 37. Nxh5 Rf1# 0-1

[Event "II Torneo Jose' Raul Capablanca"]
[Site "Roma ITA"]
[Date "2009.07.10"]
[Round "1"]
[White "Buchner, Martin"]
[Black "Foglia, Maurizio"]
[Result "1/2-1/2"]
[WhiteElo "2055"]
[BlackElo "2140"]
[PlyCount "75"]
[EventDate "2009.07.10"]

1. d4 d5 2. Nf3 Nf6 3. e3 c5 4. c3 e6 5. Bd3 Nc6 6. Nbd2 Bd6 7. O-O O-O 8. dxc5
Bxc5 9. e4 a6 10. Qe2 Be7 11. e5 Nd7 12. Nb3 b6 13. Bf4 Nc5 14. Bc2 Bb7 15.
Rfd1 Qc7 16. Nxc5 bxc5 17. Qd3 g6 18. h4 Rfd8 19. h5 d4 20. hxg6 hxg6 21. Qe2
Rac8 22. Rac1 dxc3 23. bxc3 Rxd1+ 24. Rxd1 Rd8 25. Rxd8+ Qxd8 26. Qd3 Qd5 27.
c4 Qxd3 28. Bxd3 Nb4 29. Bb1 Bxf3 30. gxf3 Bd8 31. Be3 Nc6 32. f4 Nd4 33. Bxd4
cxd4 34. Kf1 Bb6 35. Ke2 Kf8 36. Kd3 Ke7 37. Bc2 f6 38. f3 1/2-1/2

[Event "II Torneo Jose' Raul Capablanca"]
[Site "Roma ITA"]
[Date "2009.07.10"]
[Round "1"]
[White "Chiaretti, Roberto"]
[Black "Pelyushenko, Vladyslav"]
[Result "1/2-1/2"]
[WhiteElo "2195"]
[BlackElo "1789"]
[PlyCount "89"]
[EventDate "2009.07.10"]

1. e4 d6 2. d4 Nf6 3. Nc3 g6 4. Be3 Bg7 5. h3 O-O 6. Nf3 c6 7. Be2 Nbd7 8. a4
a5 9. O-O Qc7 10. Qc1 e5 11. dxe5 dxe5 12. Rd1 Re8 13. Bh6 Nf8 14. Bxg7 Kxg7
15. Qe3 Ne6 16. Rd2 b6 17. Rad1 Nc5 18. Nh2 Be6 19. g4 h6 20. Nf1 Rad8 21. Ng3
Rxd2 22. Qxd2 Re7 23. b3 Rd7 24. Qe3 Rxd1+ 25. Nxd1 Qd6 26. Nb2 Qd4 27. Qxd4
exd4 28. f3 Ncd7 29. Kf2 Kf8 30. f4 Nc5 31. Bd3 Nxd3+ 32. Nxd3 c5 33. Nb2 Bd7
34. Ke2 b5 35. Kd3 Ke7 36. axb5 Bxb5+ 37. Nc4 Nd7 38. c3 dxc3 39. Kxc3 a4 40.
Na3 Bc6 41. bxa4 Bxa4 42. Kc4 Bc6 43. Nb5 Ke6 44. Nc3 g5 45. Nce2 1/2-1/2

[Event "II Torneo Jose' Raul Capablanca"]
[Site "Roma ITA"]
[Date "2009.07.10"]
[Round "1"]
[White "Deldo, Damien"]
[Black "Passerotti, Pierluigi"]
[Result "0-1"]
[WhiteElo "1842"]
[BlackElo "2302"]
[PlyCount "98"]
[EventDate "2009.07.10"]

1. d4 d5 2. Nf3 Nf6 3. Bg5 Ne4 4. Bf4 c6 5. c3 Qb6 6. Qb3 f6 7. e3 g5 8. Bxb8
Rxb8 9. Nfd2 Nxd2 10. Nxd2 Bf5 11. Be2 Bg6 12. c4 e6 13. a3 Qxb3 14. Nxb3 Bd6
15. cxd5 cxd5 16. Rc1 Ke7 17. Kd2 Be4 18. f3 Bg6 19. Bd3 f5 20. g3 h5 21. f4 h4
22. Be2 b6 23. Rcg1 Rbg8 24. gxh4 gxf4 25. h5 Be8 26. h4 Kf6 27. Rg5 Rxg5 28.
hxg5+ Kxg5 29. Rg1+ Kf6 30. Rh1 e5 31. exf4 exd4 32. Rf1 Bxh5 33. Nxd4 Bg4 34.
b4 Rh3 35. Bd3 a5 36. Nb5 Bf8 37. Nc7 d4 38. Nd5+ Ke6 39. Nxb6 Rh2+ 40. Kc1
axb4 41. Bc4+ Kd6 42. axb4 Kc6 43. Nd5 Bxb4 44. Nxb4+ Kc5 45. Nd3+ Kxc4 46.
Nb2+ Kb3 47. Nd1 Bxd1 48. Kxd1 Kc3 49. Rf3+ d3 0-1

[Event "II Torneo Jose' Raul Capablanca"]
[Site "Roma ITA"]
[Date "2009.07.10"]
[Round "1"]
[White "Di Mauro, Sebastiano"]
[Black "Fischer, Marc"]
[Result "0-1"]
[WhiteElo "1799"]
[BlackElo "2224"]
[PlyCount "90"]
[EventDate "2009.07.10"]

1. e4 e6 2. d4 d5 3. Nc3 Nf6 4. Bg5 Bb4 5. Bxf6 Qxf6 6. e5 Qe7 7. a3 Bxc3+ 8.
bxc3 c5 9. Qg4 g6 10. Nf3 Bd7 11. Bd3 Bc6 12. c4 dxc4 13. Bxc4 Nd7 14. c3 h5
15. Qf4 Nb6 16. Be2 O-O-O 17. O-O Bxf3 18. Bxf3 g5 19. Qd2 g4 20. Be4 Rd7 21.
Rfd1 Kb8 22. Qb2 Rhd8 23. Rab1 cxd4 24. cxd4 Nc4 25. Qb3 Rxd4 26. Rxd4 Rxd4 27.
f3 b6 28. Qc3 Qc5 29. Kh1 Qxe5 30. Qb4 Qd6 31. Qxd6+ Nxd6 32. Bh7 Nc4 33. fxg4
hxg4 34. Bg8 Nxa3 35. Rf1 e5 36. Bxf7 e4 37. Kg1 e3 38. Bb3 a5 39. Re1 a4 40.
Bd1 b5 41. h4 gxh3 42. gxh3 Nc4 43. Kg2 a3 44. Kf3 a2 45. Bb3 Nd2+ 0-1

[Event "II Torneo Jose' Raul Capablanca"]
[Site "Roma ITA"]
[Date "2009.07.10"]
[Round "1"]
[White "Ferretti, Folco"]
[Black "Vannelli, Vittorio"]
[Result "1-0"]
[WhiteElo "2313"]
[BlackElo "1859"]
[PlyCount "41"]
[EventDate "2009.07.10"]

1. e4 e5 2. Nf3 Nf6 3. Nc3 Nc6 4. d4 d6 5. Bb5 exd4 6. Nxd4 Bd7 7. O-O Be7 8.
Bxc6 bxc6 9. b3 O-O 10. Bb2 Qb8 11. Qd3 Ng4 12. Rad1 Bf6 13. Qg3 Qb4 14. Nde2
Rae8 15. h3 Nh6 16. Nd5 cxd5 17. Bxf6 g6 18. Qg5 Re6 19. Bc3 Qxe4 20. Qxh6 f6
21. Nd4 1-0

[Event "II Torneo Jose' Raul Capablanca"]
[Site "Roma ITA"]
[Date "2009.07.10"]
[Round "1"]
[White "Mancino, Roberta"]
[Black "Rotoni, Matteo"]
[Result "0-1"]
[WhiteElo "1721"]
[BlackElo "2189"]
[PlyCount "44"]
[EventDate "2009.07.10"]

1. c4 e5 2. g3 Nc6 3. Bg2 g6 4. Nc3 Bg7 5. e3 d6 6. Nge2 h5 7. d4 h4 8. dxe5
Nxe5 9. Nd4 Bg4 10. Qa4+ Kf8 11. O-O c5 12. Nde2 Nf3+ 13. Bxf3 Bxf3 14. Qc2 Qd7
15. Ne4 Qf5 16. Qd2 Qxe4 17. Qxd6+ Qe7 18. Qxe7+ Kxe7 19. Nf4 Nf6 20. Re1 g5
21. Nd3 Ne4 22. Rb1 Rad8 0-1

[Event "II Torneo Jose' Raul Capablanca"]
[Site "Roma ITA"]
[Date "2009.07.10"]
[Round "1"]
[White "Marta, Daniele"]
[Black "Zacchia, Marco"]
[Result "1-0"]
[WhiteElo "2023"]
[BlackElo "1463"]
[PlyCount "75"]
[EventDate "2009.07.10"]

1. c4 c6 2. g3 d5 3. b3 Nf6 4. Bb2 g6 5. Nh3 Bg7 6. Bg2 O-O 7. O-O e6 8. d3
Nbd7 9. Nd2 Re8 10. e4 dxe4 11. dxe4 e5 12. Qc2 Rb8 13. Rad1 Qc7 14. f4 h6 15.
Rf3 Ng4 16. Nf2 Qb6 17. Re1 Bf8 18. h3 Nxf2 19. Rxf2 Bc5 20. Ref1 Qd8 21. Kh2
Bxf2 22. Rxf2 g5 23. Qc3 f6 24. Qf3 Rf8 25. Nf1 Qe8 26. Ba3 c5 27. Ne3 b6 28.
Rd2 Qg6 29. Rd6 h5 30. Bb2 g4 31. hxg4 hxg4 32. Nxg4 Kg7 33. Kg1 Qh5 34. Nxe5
Qxf3 35. Nxf3 Kf7 36. Nh4 Rg8 37. Kf2 Ke7 38. Nf5+ 1-0

[Event "II Torneo Jose' Raul Capablanca"]
[Site "Roma ITA"]
[Date "2009.07.10"]
[Round "1"]
[White "Napoli, Nicolo'"]
[Black "Guglielmi, Dante"]
[Result "1/2-1/2"]
[WhiteElo "2368"]
[BlackElo "1899"]
[PlyCount "80"]
[EventDate "2009.07.10"]

1. e4 c5 2. c3 d5 3. exd5 Qxd5 4. d4 Nf6 5. Nf3 e6 6. Na3 a6 7. Nc4 Qd8 8. Be3
Qc7 9. a4 Be7 10. a5 Nbd7 11. Be2 O-O 12. O-O Nd5 13. Nfe5 N7f6 14. Bf3 Bd7 15.
Bxd5 Nxd5 16. dxc5 Bb5 17. b4 Nxc3 18. Qb3 Nd5 19. Rfe1 Rad8 20. Rac1 Bf6 21.
Ng4 Be7 22. Bd4 Qf4 23. Bxg7 Kxg7 24. Nge5 Bf6 25. g3 Bxc4 26. Rxc4 Qd2 27. Nf3
Qh6 28. c6 bxc6 29. Rxc6 Rc8 30. b5 axb5 31. Rxc8 Rxc8 32. Qxb5 Rc1 33. a6
Rxe1+ 34. Nxe1 Qc1 35. Qe2 Qa1 36. Kg2 Nc7 37. Qg4+ Kf8 38. Qb4+ Kg7 39. Qg4+
Kh8 40. Qb4 Kg7 1/2-1/2

[Event "II Torneo Jose' Raul Capablanca"]
[Site "Roma ITA"]
[Date "2009.07.10"]
[Round "1"]
[White "Nass, Emile"]
[Black "Di Giorgio, Daniele"]
[Result "1-0"]
[WhiteElo "2186"]
[BlackElo "1688"]
[PlyCount "49"]
[EventDate "2009.07.10"]

1. Nf3 c5 2. g3 d5 3. Bg2 Nc6 4. d4 cxd4 5. Nxd4 Nf6 6. O-O e6 7. c4 Qb6 8.
Nxc6 bxc6 9. Nc3 Bd7 10. cxd5 cxd5 11. e4 dxe4 12. Nxe4 Nxe4 13. Bxe4 Rd8 14.
Qf3 Be7 15. Be3 Qxb2 16. Bxa7 Bf6 17. Bc5 Qb5 18. Rac1 Qa5 19. Rfd1 Be7 20. Qe3
Bxc5 21. Rxc5 Qa4 22. Rxd7 Kxd7 23. Bc6+ Qxc6 24. Rxc6 Kxc6 25. Qc3+ 1-0